000 00377nam a2200109Ia 4500
008 160909s9999 xx 000 0 und d
100 _aDion-Arkinson, Deborah
245 4 _aThe value of leadership development programs for First Nation leaders
260 _bUniversity of Phoenix
_c2016
650 _aMASS COM
856 _uhttp://pqdtopen.proquest.com/doc/1773541521.html?FMT=ABS
999 _c304209
_d304209